1867 1926 1186 1792 1178 1496 1248 1410 1199 1445 1885 1732 1520 1291 1454 1981 1177 1444 1121 1861 1564 1091 1599 1096 1599 1085 1349 1741 1625 1679 1541 1400 1567 1080 1079 1987 1299 1455 1579 1697 1092 1662 1600 1310 1436 1304 1649 1695 1549 1904 1717 1271 1969 1914 1278 1726 1393 1812 1792 1218 1111 1204 1227 1977 1674 1405 1771 1405 1403 1286 1930 1050 1401 1316 1984 1419 1057 1856 1522 1062 1713 1585 1143 1222 1310 1227 1521 1562 1140 1114 1413 1220 1156 1757 1909 1874 1286 1105 1449 BCNSPRNW ULIB Ver.6.0+V

เปลี่ยนเป็นภาษาไทย

Change to English
 แสดงรายละเอียดบรรณานุกรม
  กลับหน้าหลัก

Brief Record : Get Marc (ISO 2709) : E-mail record : QR code < ปิดหน้าต่าง
LEADER : 00000nam 2200000uu 4500
001    13399113867
003     ULIB
008    120111s2545||||th 000 0 tha d
020    ^a9746112325(ล.1)
060  4 ^aWA310^bม246อ ล.1 2545
110 1  ^aมหาวิทยาลัยสุโขทัยธรรมาธิราช^bสาขาวิชาวิทยาศาสตร์สุขภาพ
245 00 ^aเอกสารการสอนชุดวิชา อนามัยแม่และเด็กและการวางแผนครอบครัว หน่วยที่1-8=^bMaternal and Child Health and Family Planning /^cสาขาวิชาวิทยาศาสตร์สุขภาพ มหาวิทยาลัยสุโขทัยธรรมาธิราช
246 0  ^aMaternal and Child Health and Family Planning
250    ^aพิมพ์ครั้งที่ 11
260    ^aนนทบุรี:^bศูนย์หนังสือมหาวิทยาลัยสุโขทัยธรรมาธิราช,^c2545
300    ^a2 เล่ม :^b901 หน้า
650  7 ^aครอบครัว^xการวางแผน
650  7 ^aเด็ก^xการบริบาลและสุขวิทยา
650  7 ^aอนามัยแม่และเด็ก
945    ^p0^l0^i14665
945    ^p0^l0^i14666
945    ^p0^l0^i24409
995    ^aกัณชพร
999    ^aใช้งานได้ทุกระบบ
รายการนี้ยังไม่มีแท็ก
คุณยังไม่ได้ล็อกอิน คุณสามารถมีกิจกรรมร่วมกับเว็บไซต์ได้ แต่ต้องล็อกอินก่อน ::
  ล็อกอิน

รายการสื่อสารสนเทศ

ลำดับที่ ประเภท เลขเรียก/บาร์โค้ด สถานที่ สถานะ
- ไม่พบข้อมูล -

รายการใกล้เคียง
    หัวเรื่อง [อนามัยแม่และเด็ก]

BibComment


ยังไม่เคยถูกคอมเมนท์

คอมเมนท์ทรัพยากรรายการนี้
  คอมเมนท์: เอกสารการสอนชุดว..


 Copyright 2026. Bcnsprnw @Library